| 000 | 00584nam a2200181Ia 4500 | ||
|---|---|---|---|
| 008 | 131103s9999 xx 000 0 und d | ||
| 040 | _aLoreto College | ||
| 041 | _aEnglish | ||
| 082 |
_a840.9/DEM _bLCLIB/16213 |
||
| 245 |
_aStudies in 17th century French literature _cEdited by Jean - Jacques Demorest |
||
| 260 |
_aNew York _bDoubleday Anchor Books _c19662 |
||
| 300 |
_a268p. _c 20cm. |
||
| 504 | _aIncludes index | ||
| 650 | _aFrench literature - 17th century - history and critcism | ||
| 700 | _aDemorest, Jean - Jacques ; ed. | ||
| 850 | _aLCLIB/840.9/DEM | ||
| 942 | _cBK | ||
| 999 |
_c24021 _d74500 |
||